Secretos y tradiciones mapuches

Uloženo v:
Podrobná bibliografie
Hlavní autor: Calvo de Guzmán, Mayo (Autor)
Médium: Kniha
Jazyk:španělština
Vydáno: Santiago Andrés Bello 1987
Vydání:4a. ed
Edice:Biblioteca Andrés Bello, 59
Témata:
Tagy: Přidat tag
Žádné tagy, Buďte první, kdo vytvoří štítek k tomuto záznamu!

MARC

LEADER 00000nam a2200000 a 4500
001 UCX7272
003 CL-VaPUC
008 931202e19870000CL |||||||||||||||||spa|d
082 0 4 |a 398.20983  |b CAL  |2 21 
100 0 |a Calvo de Guzmán, Mayo  |e author  |9 324082 
245 1 0 |a Secretos y tradiciones mapuches 
250 |a 4a. ed 
300 |a 158 p 
942 |c BK 
945 |d 19931202 00:00:00  |a mfernand 
260 |a Santiago  |b Andrés Bello  |c 1987 
650 0 |a Araucanos   |v Leyendas   |9 324083 
583 |a last modification  |c 19931202 00:00:00  |k Rodrigo Vera 
490 0 |a Biblioteca Andrés Bello, 59 
999 |c 227134  |d 227132 
952 |0 0  |1 0  |4 0  |6 398_209830000000000_CAL_1987  |7 0  |8 A  |9 225941  |a BIBEDU  |b BIBEDU  |d 2019-11-15  |i 2996421  |o 398.20983 CAL 1987  |p 2996421  |r 2019-11-15  |w 2019-11-15  |y BK  |k EPE